Organización etnopolítica en la Región Metropolitana de Buenos Aires, Argentina /
Este estudio analiza la organización etnopolítica en la Región Metropolitana de Buenos Aires, Argentina, examinando cómo las comunidades étnicas y culturales se involucran en la esfera política para promover sus intereses y preservar sus identidades. Se exploran las dinámicas de participación políti...
שמור ב:
| מחבר ראשי: | |
|---|---|
| פורמט: | ספר |
| שפה: | Spanish |
| נושאים: | |
| גישה מקוונת: | texto completo desde el sitio de la revista |
| תגים: |
הוספת תג
אין תגיות, היה/י הראשונ/ה לתייג את הרשומה!
|
MARC
| LEADER | 00000nam a22000007a 4500 | ||
|---|---|---|---|
| 003 | cru CIDCACS/IIS | ||
| 005 | 20230831181519.0 | ||
| 008 | 191107t2019 cr |||||r||||||0| ||spa|d | ||
| 040 | |c cru CIDCACS/IIS | ||
| 100 | 1 | |9 8770 |a Engelman Garreta, Juan Manuel | |
| 245 | 1 | |a Organización etnopolítica en la Región Metropolitana de Buenos Aires, Argentina / |c Juan Manuel Engelman Garreta | |
| 300 | |a páginas 27-43: |b tablas, mapa, ilustración | ||
| 520 | |a Este estudio analiza la organización etnopolítica en la Región Metropolitana de Buenos Aires, Argentina, examinando cómo las comunidades étnicas y culturales se involucran en la esfera política para promover sus intereses y preservar sus identidades. Se exploran las dinámicas de participación política de distintos grupos étnicos, considerando su origen, historia, demandas y estrategias de movilización. El artículo destaca cómo la diversidad étnica en esta región ha llevado a la formación de organizaciones y movimientos que buscan influir en las políticas públicas y en la toma de decisiones. Se analiza también el impacto de la organización etnopolítica en la configuración de la Región Metropolitana y en la promoción de una convivencia multicultural. RAR 11/2022 | ||
| 650 | 4 | |2 OCDE |9 3207 |a PARTICIPACION POLITICA | |
| 650 | 0 | |2 OCDE |9 4465 |a IDENTIDAD CULTURAL | |
| 650 | 0 | |2 OCDE |9 3784 |a POLITICAS PUBLICAS | |
| 650 | 0 | |2 UNESCO |9 11642 |a DIVERSIDAD CULTURAL | |
| 650 | 0 | |2 UNESCO |9 8471 |a MULTICULTURALISMO | |
| 651 | 0 | |2 OCDE |9 3346 |a ARGENTINA | |
| 773 | 0 | |0 18728 |9 3186 |a Briceño Arango, David |d San José, Costa Rica Editorial UCR 1956- |o 19083 |t Revista de Ciencias Sociales/ |x 04825276 | |
| 856 | |u https://revistas.ucr.ac.cr/index.php/sociales/article/view/37441/38229 |y texto completo desde el sitio de la revista | ||
| 942 | |2 ddc |c PP | ||
| 999 | |c 42581 |d 42581 | ||
